<?xml version="1.0" encoding="UTF-8"?><?xml-stylesheet type="text/xsl" href="static/style.xsl"?><OAI-PMH xmlns="http://www.openarchives.org/OAI/2.0/" xmlns:xsi="http://www.w3.org/2001/XMLSchema-instance" xsi:schemaLocation="http://www.openarchives.org/OAI/2.0/ http://www.openarchives.org/OAI/2.0/OAI-PMH.xsd"><responseDate>2026-04-28T19:25:27Z</responseDate><request verb="GetRecord" identifier="oai:uvadoc.uva.es:10324/46018" metadataPrefix="marc">https://uvadoc.uva.es/oai/request</request><GetRecord><record><header><identifier>oai:uvadoc.uva.es:10324/46018</identifier><datestamp>2021-09-28T21:14:51Z</datestamp><setSpec>com_10324_68945</setSpec><setSpec>com_10324_954</setSpec><setSpec>com_10324_894</setSpec><setSpec>com_10324_1163</setSpec><setSpec>com_10324_931</setSpec><setSpec>col_10324_68964</setSpec><setSpec>col_10324_1946</setSpec></header><metadata><record xmlns="http://www.loc.gov/MARC21/slim" xmlns:doc="http://www.lyncode.com/xoai" xmlns:xsi="http://www.w3.org/2001/XMLSchema-instance" xmlns:dcterms="http://purl.org/dc/terms/" xsi:schemaLocation="http://www.loc.gov/MARC21/slim http://www.loc.gov/standards/marcxml/schema/MARC21slim.xsd">
<leader>00925njm 22002777a 4500</leader>
<datafield tag="042" ind1=" " ind2=" ">
<subfield code="a">dc</subfield>
</datafield>
<datafield tag="720" ind1=" " ind2=" ">
<subfield code="a">Morillo Rodríguez, Francisco M.</subfield>
<subfield code="e">author</subfield>
</datafield>
<datafield tag="720" ind1=" " ind2=" ">
<subfield code="a">Gutiérrez Baños, Fernando</subfield>
<subfield code="e">author</subfield>
</datafield>
<datafield tag="260" ind1=" " ind2=" ">
<subfield code="c">2021</subfield>
</datafield>
<datafield tag="520" ind1=" " ind2=" ">
<subfield code="a">Contrasta/Kontrasta (Álava/Araba) (?), hermitage of Nuestra Señora de&#xd;
Elizmendi, but ultimately either the hermitage of San Salvador or the hermitage&#xd;
of San Adrián (whereabouts unknown): three panels. DEDICATEE: presumably&#xd;
Virgin and Child. OBVERSE: scenes lost, presumably at least scenes of the&#xd;
infancy of Christ (reliefs). REVERSE: without information. DATE: thirteenth&#xd;
century. N.B.: the reliefs displayed on the panels in old photographs do not&#xd;
belong to the presumed Contrasta altarpiece, but to the Santa María de Mave&#xd;
altarpiece, which is not a tabernacle-altarpiece. - Ficha incluida en el anexo "Updated list of Castilian tabernacle-altarpieces" publicado en: Fernando Gutiérrez Baños, Justin Kroesen, Elisabeth Andersen (eds.). The Saint enshrined: European tabernacle - altarpieces, c. 1150–1400. Barcelona: Instituto de Estudios Medievales, 2020.</subfield>
</datafield>
<datafield tag="024" ind2=" " ind1="8">
<subfield code="a">http://uvadoc.uva.es/handle/10324/46018</subfield>
</datafield>
<datafield ind1=" " ind2=" " tag="653">
<subfield code="a">Retablos - España - Contrasta (Álava) - Siglo XIII</subfield>
</datafield>
<datafield ind1=" " ind2=" " tag="653">
<subfield code="a">Ermita de Nuestra Señora de Elizmendi (Álava, España)</subfield>
</datafield>
<datafield tag="245" ind1="0" ind2="0">
<subfield code="a">Retablo de Contrasta (?)</subfield>
</datafield>
</record></metadata></record></GetRecord></OAI-PMH>